000 00250nam a2200109Ia 4500
008 220204s9999 xx 000 0 und d
082 _a82-3
_bLEW
100 _aLewis, Ted
245 0 _aJack Carter'slaw
260 _aLondon
_bSphere
_c1978
942 _cBK
999 _c33541
_d33541